000 00713nam a22002297a 4500
999 _c14303
_d14303
003 AR-CdUCM
008 190422b ||||| |||| 00| 0 spa d
040 _aMUNICIPALIDAD PROVINCIAL DEL CUSCO
_cBIBLIOTECA MUNICIPAL DEL CUSCO
082 _aPI / 376.1 /
_bG91
100 _aGuidoux, Valérie
_933028
245 _aLa granja /
260 _bLarousse.
300 _bilustraciones,
_c19 cm.
440 _aMinienciclopedia Larousse
_933029
500 _aIncluye stickers y rompecabezas.
650 _aEducación infantil
_912296
650 _aLiteratura infantil
_9588
650 _aAprendizaje
_92143
700 _aBécue, Benjamin (ilustraciones)
_933018
942 _2ddc
_cLIBROS
945 _aachl
_d2019-04-22